Statistics for Biggest Cities In Malaysia

Click here to take the quiz!

General Stats

  • This quiz has been taken 27 times
  • The average score is 4 of 10

Answer Stats

#Answer% Correct
2Kuala Lumpur
96%
6Ipoh
60%
7Kuching
60%
5Johor Bahru
56%
10Kota Kinabalu
52%
9Shah Alam
36%
3Klang
32%
1Kota Bharu
28%
8Petaling Jaya
16%
4Kampung Baru Sumbang
0%

Score Distribution

Percentile by Number Answered

Percent of People with Each Score

Your Score History

You have not taken this quiz